000 00355 a2200157 4500
001 47562
020 _a9788516074968
040 _cAnchieta - Aquarius
100 _aBandeira, Pedro
240 1 0 _aChapeuzinho e o lobo mau
_lpor
245 1 0 _aChapeuzinho e o lobo mau
300 _a31p.
362 0 _a2012
650 4 _aLiteratura infantil
942 _cBK
999 _c47562
_d47562